[Event "EYCC Open-U14 2019"]
[Site "Bratislava"]
[Date "2019.08.07"]
[Round "6.34"]
[White "Sobek, Michal"]
[Black "Krivenko, Dion"]
[Result "1-0"]
[WhiteElo "2101"]
[BlackElo "1700"]
[Annotator "NA"]
[PlyCount "101"]
[EventDate "2019.08.02"]
[EventType "swiss"]
[EventCountry "SVK"]
[SourceTitle "playchess.com"]
[Source "ChessBase"]
[SourceQuality "1"]
[TimeControl "40/5400+30:1800+30"]

1. e4 {[%emt 0:00:00]} c5 {[%emt 0:00:00]} 2. Nf3 {[%emt 0:00:00]} d6 {[%emt 0:00:00]} 3. Bb5+ {[%emt 0:00:00]} Bd7 {[%emt 0:00:21]} 4. Bxd7+ {[%emt 0:00:02]} Nxd7 {[%emt 0:00:42]} 5. O-O {[%emt 0:00:05]} Ngf6 {[%emt 0:01:01]} 6. Re1 {[%emt 0:01:05]} g6 {[%emt 0:01:36]} 7. c3 {[%emt 0:00:11]} Bg7 {[%emt 0:00:49]} 8. d4 {[%emt 0:00:15]} O-O {[%emt 0:04:16]} 9. e5 {[%emt 0:04:55]} Ne8 {[%emt 0:02:38]} 10. Bg5 {[%emt 0:03:03]} dxe5 {[%emt 0:08:05]} 11. dxe5 {[%emt 0:09:31]} Nc7 {[%emt 0:05:27]} 12. Na3 {[%emt 0:03:53]} Ne6 {[%emt 0:02:53]} 13. Bh4 {[%emt 0:13:23]} h6 {[%emt 0:05:18]} 14. Nc4 {[%emt 0:08:24]} g5 {[%emt 0:08:28]} 15. Bg3 {[%emt 0:00:05]} Nb6 {[%emt 0:02:13]} 16. Ne3 {[%emt 0:05:29]} Qxd1 {[%emt 0:02:06]} 17. Raxd1 {[%emt 0:00:04]} Rfd8 {[%emt 0:02:12]} 18. h4 {[%emt 0:02:37]} Kf8 {[%emt 0:06:34]} 19. hxg5 {[%emt 0:03:39]} hxg5 {[%emt 0:00:47]} 20. b3 {[%emt 0:00:18]} a5 {[%emt 0:05:11]} 21. c4 {[%emt 0:07:45]} Bh6 {[%emt 0:04:04]} 22. Nf5 {[%emt 0:06:06]} Bg7 {[%emt 0:00:28]} 23. Ne3 {[%emt 0:00:32]} Bh6 {[%emt 0:00:29]} 24. Nd5 {[%emt 0:05:42]} Nxd5 {[%emt 0:06:42]} 25. cxd5 {[%emt 0:00:04]} Nc7 {[%emt 0:00:17]} 26. d6 {[%emt 0:03:09]} Ne6 {[%emt 0:02:23]} 27. Nd2 {[%emt 0:02:57]} b5 {[%emt 0:03:38]} 28. Ne4 {[%emt 0:00:36]} a4 {[%emt 0:02:28]} 29. f4 {[%emt 0:04:13]} exd6 {[%emt 0:02:32]} 30. fxg5 {[%emt 0:00:53]} Nxg5 {[%emt 0:04:00]} 31. exd6 {[%emt 0:07:32]} Nxe4 {[%emt 0:02:07]} 32. Rxe4 {[%emt 0:00:08]} axb3 {[%emt 0:00:47]} 33. axb3 {[%emt 0:00:27]} Bg7 {[%emt 0:11:02]} 34. Rd5 {[%emt 0:04:19]} Bd4+ {[%emt 0:00:52]} 35. Kh2 {[%emt 0:00:25]} Rd7 {[%emt 0:03:04]} 36. Rg4 {[%emt 0:00:50]} f6 {[%emt 0:00:51]} 37. Rh4 {[%emt 0:00:50]} Raa7 {[%emt 0:01:05]} 38. b4 {[%emt 0:00:47]} Rh7 {[%emt 0:01:01]} 39. bxc5 {[%emt 0:00:18]} Rxh4+ {[%emt 0:00:01]} 40. Bxh4 {[%emt 0:00:00]} Be5+ {[%emt 0:00:00]} 41. g3 {[%emt 0:00:57]} Ke8 {[%emt 0:08:03]} 42. c6 {[%emt 0:01:16]} Ra4 43. d7+ {[%emt 0:01:16]} Kd8 {[%emt 0:07:45]} 44. Kh3 {[%emt 0:00:49]} Rc4 {[%emt 0:02:40]} 45. Rxe5 {[%emt 0:00:55]} Rxc6 {[%emt 0:00:14]} 46. Rxb5 {[%emt 0:00:06]} Kxd7 {[%emt 0:00:15]} 47. Rf5 {[%emt 0:00:10]} Ke7 {[%emt 0:00:52]} 48. Rxf6 {[%emt 0:00:06]} Rxf6 {[%emt 0:00:04]} 49. Bxf6+ {[%emt 0:00:04]} Kxf6 {[%emt 0:00:06]} 50. Kh4 {[%emt 0:00:03]} Kg6 {[%emt 0:00:09]} 51. Kg4 {[%emt 0:00:04]} 1-0

[Event "EYCC Open-U14 2019"]
[Site "Bratislava"]
[Date "2019.08.07"]
[Round "6.35"]
[White "Papidakis, Georgios"]
[Black "Luczak, Filip"]
[Result "0-1"]
[WhiteElo "1888"]
[BlackElo "2144"]
[Annotator "NA"]
[PlyCount "60"]
[EventDate "2019.08.02"]
[EventType "swiss"]
[EventCountry "SVK"]
[SourceTitle "playchess.com"]
[Source "ChessBase"]
[SourceQuality "1"]
[TimeControl "40/5400+30:1800+30"]

1. d4 {[%emt 0:00:00]} Nf6 {[%emt 0:00:00]} 2. Bf4 {[%emt 0:00:00]} b6 {[%emt 0:00:00]} 3. e3 {[%emt 0:01:33]} Bb7 {[%emt 0:01:57]} 4. Nf3 {[%emt 0:00:41]} g6 {[%emt 0:00:11]} 5. Bd3 {[%emt 0:00:51]} Bg7 {[%emt 0:00:47]} 6. h3 {[%emt 0:04:44]} d6 {[%emt 0:00:32]} 7. a4 {[%emt 0:05:12]} a5 {[%emt 0:04:38]} 8. Nbd2 {[%emt 0:02:19]} Nbd7 {[%emt 0:01:47]} 9. Bh2 {[%emt 0:05:58]} O-O {[%emt 0:02:15]} 10. O-O {[%emt 0:01:42]} Re8 {[%emt 0:02:58]} 11. Nc4 {[%emt 0:11:52]} Ne4 {[%emt 0:09:59]} 12. c3 {[%emt 0:05:57]} e5 {[%emt 0:03:27]} 13. Qc2 {[%emt 0:17:12]} Ng5 {[%emt 0:14:18]} 14. Nxg5 {[%emt 0:04:59]} Qxg5 {[%emt 0:00:15]} 15. f4 {[%emt 0:08:51]} exf4 {[%emt 0:02:24]} 16. exf4 {[%emt 0:01:49]} Qd5 {[%emt 0:03:57]} 17. Qf2 {[%emt 0:05:39]} Nc5 {[%emt 0:07:09]} 18. Be2 {[%emt 0:04:31]} Ne4 {[%emt 0:08:05]} 19. Qf3 {[%emt 0:00:04]} f5 {[%emt 0:02:17]} 20. Rfe1 {[%emt 0:01:37]} Qf7 {[%emt 0:02:30]} 21. Nd2 {[%emt 0:04:22]} c5 {[%emt 0:08:43]} 22. Nxe4 {[%emt 0:02:53]} Bxe4 {[%emt 0:03:27]} 23. Qf2 {[%emt 0:00:20]} cxd4 {[%emt 0:00:04]} 24. cxd4 {[%emt 0:04:14]} Rec8 {[%emt 0:03:46]} 25. Qe3 {[%emt 0:02:45]} Qd5 {[%emt 0:02:48]} 26. Rad1 {[%emt 0:00:42]} Rc2 {[%emt 0:03:09]} 27. Bf3 {[%emt 0:00:49]} Bxf3 {[%emt 0:01:05]} 28. gxf3 {[%emt 0:00:16]} Rxb2 {[%emt 0:01:11]} 29. Rd3 {[%emt 0:01:46]} Rb4 {[%emt 0:01:43]} 30. Kh1 {[%emt 0:00:45]} Rxa4 {[%emt 0:01:38]} 0-1

[Event "EYCC Open-U14 2019"]
[Site "Bratislava"]
[Date "2019.08.07"]
[Round "6.36"]
[White "Silva, Pedro Gil Ferreira D"]
[Black "Droin, Augustin"]
[Result "0-1"]
[WhiteElo "2049"]
[BlackElo "2172"]
[Annotator "NA"]
[PlyCount "72"]
[EventDate "2019.08.02"]
[EventType "swiss"]
[EventCountry "SVK"]
[SourceTitle "playchess.com"]
[Source "ChessBase"]
[SourceQuality "1"]
[TimeControl "40/5400+30:1800+30"]

1. Nf3 {[%emt 0:00:00]} d5 {[%emt 0:00:00]} 2. b3 {[%emt 0:00:00]} f6 {[%emt 0:00:07]} 3. d4 {[%emt 0:00:28]} Nc6 {[%emt 0:00:24]} 4. Bb2 {[%emt 0:00:27]} Bg4 {[%emt 0:00:31]} 5. Nbd2 {[%emt 0:11:01]} Qd6 {[%emt 0:09:21]} 6. h3 {[%emt 0:12:28]} Bf5 {[%emt 0:04:37]} 7. Nh4 {[%emt 0:01:25]} Bd7 {[%emt 0:06:18]} 8. e3 {[%emt 0:10:06]} O-O-O {[%emt 0:02:38]} 9. c4 {[%emt 0:07:53]} e5 {[%emt 0:10:43]} 10. cxd5 {[%emt 0:06:57]} Qxd5 {[%emt 0:00:05]} 11. Bc4 {[%emt 0:08:46]} Qa5 {[%emt 0:00:41]} 12. d5 Nce7 {[%emt 0:00:18]} 13. e4 {[%emt 0:03:16]} f5 {[%emt 0:03:34]} 14. O-O {[%emt 0:06:05]} Nf6 {[%emt 0:00:46]} 15. Bxe5 {[%emt 0:02:05]} Nxe4 {[%emt 0:04:52]} 16. Nxe4 {[%emt 0:00:29]} fxe4 {[%emt 0:00:05]} 17. Qd4 {[%emt 0:00:53]} Rg8 {[%emt 0:06:21]} 18. b4 {[%emt 0:10:07]} Qb6 {[%emt 0:09:20]} 19. Qxb6 {[%emt 0:00:18]} axb6 {[%emt 0:00:03]} 20. d6 {[%emt 0:12:39]} cxd6 {[%emt 0:00:11]} 21. Bxd6 {[%emt 0:00:23]} Nc6 {[%emt 0:01:15]} 22. Bg3 {[%emt 0:00:45]} Bxb4 {[%emt 0:02:52]} 23. Bxg8 {[%emt 0:01:17]} Rxg8 {[%emt 0:00:04]} 24. f4 {[%emt 0:00:41]} Re8 {[%emt 0:09:51]} 25. Rfd1 {[%emt 0:02:49]} g6 {[%emt 0:02:03]} 26. Rac1 {[%emt 0:00:43]} Bc5+ {[%emt 0:00:48]} 27. Kh1 {[%emt 0:00:08]} Nb4 {[%emt 0:01:27]} 28. a3 {[%emt 0:01:10]} Nd3 {[%emt 0:00:14]} 29. Rc3 {[%emt 0:00:10]} Bb5 {[%emt 0:00:37]} 30. Rb1 {[%emt 0:00:35]} Bc6 {[%emt 0:00:37]} 31. Kh2 {[%emt 0:00:32]} Rf8 {[%emt 0:02:16]} 32. Rf1 {[%emt 0:00:41]} g5 {[%emt 0:00:17]} 33. Nf3 {[%emt 0:00:27]} gxf4 {[%emt 0:00:56]} 34. Bh4 {[%emt 0:00:30]} exf3 {[%emt 0:01:48]} 35. Rxd3 {[%emt 0:00:06]} fxg2 {[%emt 0:00:39]} 36. Rfd1 {[%emt 0:00:06]} f3 {[%emt 0:03:09]} 0-1

[Event "EYCC Open-U14 2019"]
[Site "Bratislava"]
[Date "2019.08.07"]
[Round "6.37"]
[White "Nareks, Matic"]
[Black "Creanga, Robert-Ionut"]
[Result "1/2-1/2"]
[WhiteElo "1937"]
[BlackElo "2024"]
[Annotator "NA"]
[PlyCount "63"]
[EventDate "2019.08.02"]
[EventType "swiss"]
[EventCountry "SVK"]
[SourceTitle "playchess.com"]
[Source "ChessBase"]
[SourceQuality "1"]
[TimeControl "40/5400+30:1800+30"]

1. e4 {[%emt 0:00:00]} d6 {[%emt 0:00:00]} 2. d4 {[%emt 0:00:18]} Nf6 {[%emt 0:00:00]} 3. Nc3 {[%emt 0:00:10]} g6 {[%emt 0:00:00]} 4. f3 {[%emt 0:00:18]} Bg7 {[%emt 0:00:03]} 5. Be3 {[%emt 0:00:23]} c6 {[%emt 0:00:12]} 6. Qd2 {[%emt 0:00:31]} b5 {[%emt 0:00:13]} 7. g4 {[%emt 0:01:22]} Nbd7 {[%emt 0:00:27]} 8. g5 {[%emt 0:08:12]} Nh5 {[%emt 0:10:11]} 9. Nge2 {[%emt 0:10:52]} a6 {[%emt 0:24:05]} 10. f4 {[%emt 0:12:30]} Nb6 {[%emt 0:06:30]} 11. b3 {[%emt 0:04:18]} Bb7 {[%emt 0:09:32]} 12. Bg2 {[%emt 0:07:34]} Qc7 {[%emt 0:03:20]} 13. O-O {[%emt 0:11:38]} e5 {[%emt 0:08:17]} 14. dxe5 {[%emt 0:06:44]} dxe5 {[%emt 0:00:57]} 15. f5 {[%emt 0:00:26]} Bf8 {[%emt 0:02:21]} 16. Rad1 {[%emt 0:04:53]} Be7 {[%emt 0:03:39]} 17. Qe1 {[%emt 0:02:39]} Nd7 {[%emt 0:04:01]} 18. Qf2 {[%emt 0:01:34]} O-O-O {[%emt 0:06:50]} 19. a4 {[%emt 0:02:31]} h6 {[%emt 0:05:40]} 20. axb5 {[%emt 0:02:26]} axb5 {[%emt 0:00:22]} 21. f6 {[%emt 0:01:04]} Bd6 {[%emt 0:03:45]} 22. Bh3 {[%emt 0:01:03]} hxg5 {[%emt 0:01:29]} 23. Bb6 {[%emt 0:00:27]} Qb8 {[%emt 0:00:09]} 24. Ba7 {[%emt 0:01:18]} Qc7 {[%emt 0:00:26]} 25. Bb6 {[%emt 0:00:45]} Qb8 {[%emt 0:00:06]} 26. Qe3 {[%emt 0:07:17]} Ba8 {[%emt 0:02:09]} 27. Ba7 {[%emt 0:02:50]} Qc7 {[%emt 0:00:24]} 28. Bb6 {[%emt 0:00:29]} Qb8 {[%emt 0:00:08]} 29. Bxd8 {[%emt 0:02:36]} Rxd8 {[%emt 0:00:18]} 30. Kh1 {[%emt 0:00:50]} Kc7 {[%emt 0:01:09]} 31. Rxd6 {[%emt 0:00:56]} Kxd6 {[%emt 0:00:22]} 32. Qxg5 {[%emt 0:01:38]} 1/2-1/2

[Event "EYCC Open-U14 2019"]
[Site "Bratislava"]
[Date "2019.08.07"]
[Round "6.38"]
[White "Protassov, Vlad"]
[Black "Djurovic, Peko"]
[Result "1/2-1/2"]
[WhiteElo "1898"]
[BlackElo "2048"]
[Annotator "NA"]
[PlyCount "48"]
[EventDate "2019.08.02"]
[EventType "swiss"]
[EventCountry "SVK"]
[SourceTitle "playchess.com"]
[Source "ChessBase"]
[SourceQuality "1"]
[TimeControl "40/5400+30:1800+30"]

1. d4 {[%emt 0:00:00]} d5 {[%emt 0:00:00]} 2. c4 {[%emt 0:00:00]} e5 {[%emt 0:02:48]} 3. dxe5 {[%emt 0:00:00]} d4 {[%emt 0:00:06]} 4. Nf3 {[%emt 0:00:00]} Nc6 {[%emt 0:00:04]} 5. a3 {[%emt 0:00:06]} Nge7 {[%emt 0:00:23]} 6. b4 {[%emt 0:01:55]} Ng6 {[%emt 0:00:23]} 7. Bb2 {[%emt 0:06:12]} Ngxe5 {[%emt 0:04:08]} 8. Nxe5 {[%emt 0:01:03]} Nxe5 {[%emt 0:00:06]} 9. Qxd4 {[%emt 0:00:06]} Qxd4 {[%emt 0:00:13]} 10. Bxd4 {[%emt 0:00:06]} Nxc4 {[%emt 0:00:10]} 11. e3 {[%emt 0:00:37]} Be6 {[%emt 0:00:37]} 12. Be2 {[%emt 0:00:30]} a5 {[%emt 0:01:19]} 13. b5 {[%emt 0:00:37]} Bd6 {[%emt 0:02:53]} 14. O-O {[%emt 0:01:40]} O-O {[%emt 0:03:06]} 15. Rc1 {[%emt 0:02:13]} Ne5 {[%emt 0:00:57]} 16. Nc3 {[%emt 0:01:06]} c5 {[%emt 0:01:22]} 17. bxc6 {[%emt 0:09:00]} Nxc6 {[%emt 0:02:22]} 18. Nb5 {[%emt 0:00:05]} Nxd4 {[%emt 0:00:27]} 19. Nxd4 {[%emt 0:00:07]} Rfc8 {[%emt 0:01:21]} 20. Nxe6 {[%emt 0:01:58]} Rxc1+ {[%emt 0:00:24]} 21. Rxc1 {[%emt 0:00:08]} fxe6 {[%emt 0:00:03]} 22. a4 {[%emt 0:00:07]} Kf7 {[%emt 0:00:27]} 23. g4 {[%emt 0:00:20]} Ke7 {[%emt 0:00:36]} 24. Kg2 {[%emt 0:00:30]} g5 {[%emt 0:00:29]} 1/2-1/2

[Event "EYCC Open-U14 2019"]
[Site "Bratislava"]
[Date "2019.08.07"]
[Round "6.39"]
[White "Grahn, Vidar"]
[Black "Falkevall, Axel"]
[Result "1/2-1/2"]
[WhiteElo "1980"]
[BlackElo "2067"]
[Annotator "NA"]
[PlyCount "29"]
[EventDate "2019.08.02"]
[EventType "swiss"]
[EventCountry "SVK"]
[SourceTitle "playchess.com"]
[Source "ChessBase"]
[SourceQuality "1"]
[TimeControl "40/5400+30:1800+30"]

1. d4 {[%emt 0:00:00]} Nf6 {[%emt 0:00:00]} 2. Nf3 {[%emt 0:00:00]} e6 {[%emt 0:00:00]} 3. e3 {[%emt 0:00:00]} d5 {[%emt 0:00:34]} 4. b3 {[%emt 0:00:25]} c5 {[%emt 0:00:41]} 5. Bb2 {[%emt 0:00:29]} Nc6 {[%emt 0:00:58]} 6. Bd3 {[%emt 0:00:07]} cxd4 {[%emt 0:01:45]} 7. exd4 {[%emt 0:01:35]} Bd6 {[%emt 0:00:17]} 8. a3 {[%emt 0:04:22]} O-O {[%emt 0:03:41]} 9. O-O {[%emt 0:03:18]} b6 {[%emt 0:10:08]} 10. Nbd2 {[%emt 0:04:21]} Bb7 {[%emt 0:00:44]} 11. Ne5 {[%emt 0:05:30]} Ne7 {[%emt 0:10:15]} 12. Qe2 {[%emt 0:06:49]} Rc8 {[%emt 0:03:32]} 13. f4 {[%emt 0:05:59]} Qc7 {[%emt 0:06:16]} 14. Rf2 {[%emt 0:03:49]} Ng6 {[%emt 0:13:12]} 15. g4 {[%emt 0:10:28]} 1/2-1/2

[Event "EYCC Open-U14 2019"]
[Site "Bratislava"]
[Date "2019.08.07"]
[Round "6.40"]
[White "Brnusak, Tomas"]
[Black "Antal, Hunor-Zoltan"]
[Result "1/2-1/2"]
[WhiteElo "2032"]
[BlackElo "1980"]
[Annotator "NA"]
[PlyCount "119"]
[EventDate "2019.08.02"]
[EventType "swiss"]
[EventCountry "SVK"]
[SourceTitle "playchess.com"]
[Source "ChessBase"]
[SourceQuality "1"]
[TimeControl "40/5400+30:1800+30"]

1. d4 {[%emt 0:00:00]} d5 {[%emt 0:00:00]} 2. c4 {[%emt 0:00:24]} dxc4 {[%emt 0:00:00]} 3. e3 {[%emt 0:00:28]} Nf6 {[%emt 0:00:00]} 4. Nf3 {[%emt 0:00:45]} a6 {[%emt 0:00:08]} 5. Bxc4 {[%emt 0:00:51]} e6 {[%emt 0:00:15]} 6. O-O {[%emt 0:00:37]} Be7 {[%emt 0:00:40]} 7. b3 {[%emt 0:01:08]} b5 {[%emt 0:01:10]} 8. Be2 {[%emt 0:00:55]} O-O {[%emt 0:00:59]} 9. Bb2 {[%emt 0:00:37]} Bb7 {[%emt 0:00:29]} 10. Nbd2 {[%emt 0:00:54]} c5 {[%emt 0:00:55]} 11. a4 {[%emt 0:01:32]} b4 {[%emt 0:01:24]} 12. Rc1 {[%emt 0:01:09]} Nbd7 {[%emt 0:00:20]} 13. Nc4 {[%emt 0:01:24]} Rc8 {[%emt 0:03:48]} 14. h3 {[%emt 0:06:02]} Ne4 {[%emt 0:02:54]} 15. Nfe5 {[%emt 0:07:48]} Nxe5 {[%emt 0:03:51]} 16. Nxe5 {[%emt 0:02:42]} Bf6 {[%emt 0:02:10]} 17. Bf3 {[%emt 0:09:21]} Qe7 {[%emt 0:09:48]} 18. Qd3 {[%emt 0:16:11]} Bxe5 {[%emt 0:01:45]} 19. Bxe4 {[%emt 0:01:29]} Bxe4 {[%emt 0:00:20]} 20. Qxe4 {[%emt 0:00:02]} Bf6 {[%emt 0:00:23]} 21. Rfd1 {[%emt 0:02:50]} Rfd8 {[%emt 0:03:03]} 22. Rc4 {[%emt 0:03:39]} cxd4 {[%emt 0:01:51]} 23. Rxc8 {[%emt 0:00:42]} Rxc8 {[%emt 0:00:00]} 24. Bxd4 {[%emt 0:00:18]} Rd8 {[%emt 0:02:20]} 25. Rc1 {[%emt 0:00:28]} Bxd4 {[%emt 0:01:21]} 26. exd4 {[%emt 0:00:07]} g6 {[%emt 0:05:18]} 27. Qe5 {[%emt 0:09:30]} Qd6 {[%emt 0:03:38]} 28. Rc8 {[%emt 0:00:48]} Qd7 {[%emt 0:02:39]} 29. Rxd8+ {[%emt 0:04:46]} Qxd8 {[%emt 0:00:09]} 30. a5 {[%emt 0:00:12]} Qc8 {[%emt 0:07:01]} 31. Qc5 {[%emt 0:01:58]} Qb7 {[%emt 0:00:13]} 32. g3 {[%emt 0:08:58]} Kg7 {[%emt 0:05:34]} 33. Qd6 {[%emt 0:06:44]} h6 {[%emt 0:05:45]} 34. h4 {[%emt 0:00:34]} h5 {[%emt 0:00:22]} 35. Qb6 {[%emt 0:02:30]} Qe4 {[%emt 0:00:20]} 36. Qxb4 {[%emt 0:00:06]} Qb1+ {[%emt 0:00:05]} 37. Kg2 {[%emt 0:00:21]} Qe4+ {[%emt 0:00:12]} 38. Kf1 {[%emt 0:00:29]} Qb1+ {[%emt 0:00:59]} 39. Ke2 {[%emt 0:00:08]} Qe4+ {[%emt 0:01:18]} 40. Kd2 {[%emt 0:00:00]} Qf3 {[%emt 0:00:00]} 41. Qc3 {[%emt 0:02:03]} Qxf2+ {[%emt 0:00:57]} 42. Kc1 {[%emt 0:00:06]} Qf1+ {[%emt 0:01:04]} 43. Kb2 {[%emt 0:00:14]} Qg2+ {[%emt 0:00:26]} 44. Ka3 {[%emt 0:00:16]} Qd5 {[%emt 0:00:38]} 45. Qc5 {[%emt 0:01:04]} Qh1 {[%emt 0:00:22]} 46. Qe5+ {[%emt 0:03:28]} Kg8 {[%emt 0:00:33]} 47. Kb4 {[%emt 0:00:43]} Qb7+ {[%emt 0:00:24]} 48. Kc4 {[%emt 0:00:12]} Qg2 {[%emt 0:01:38]} 49. Kc5 {[%emt 0:02:11]} Qb7 {[%emt 0:02:30]} 50. Kc4 {[%emt 0:03:59]} Qg2 {[%emt 0:00:10]} 51. Qb8+ {[%emt 0:03:27]} Kg7 {[%emt 0:00:22]} 52. Kc5 {[%emt 0:01:08]} Qd5+ {[%emt 0:00:35]} 53. Kb6 {[%emt 0:02:04]} Qxb3+ {[%emt 0:00:50]} 54. Ka7 {[%emt 0:00:07]} Qc4 {[%emt 0:01:02]} 55. Qe5+ {[%emt 0:00:43]} Kg8 {[%emt 0:00:48]} 56. Qc5 {[%emt 0:00:05]} Qd3 {[%emt 0:00:31]} 57. Qc8+ {[%emt 0:00:30]} Kg7 {[%emt 0:00:11]} 58. Qxa6 {[%emt 0:00:39]} Qxd4+ {[%emt 0:00:05]} 59. Qb6 {[%emt 0:00:10]} Qd7+ {[%emt 0:00:12]} 60. Qb7 {[%emt 0:01:24]} 1/2-1/2

[Event "EYCC Open-U14 2019"]
[Site "Bratislava"]
[Date "2019.08.07"]
[Round "6.41"]
[White "Schlegel, Igor"]
[Black "Chlpek, Daniel"]
[Result "1-0"]
[WhiteElo "1968"]
[BlackElo "1912"]
[Annotator "NA"]
[PlyCount "113"]
[EventDate "2019.08.02"]
[EventType "swiss"]
[EventCountry "SVK"]
[SourceTitle "playchess.com"]
[Source "ChessBase"]
[SourceQuality "1"]
[TimeControl "40/5400+30:1800+30"]

1. e4 {[%emt 0:00:00]} c5 {[%emt 0:00:00]} 2. Nf3 {[%emt 0:00:00]} d6 {[%emt 0:00:00]} 3. d4 {[%emt 0:00:00]} cxd4 {[%emt 0:00:00]} 4. Nxd4 {[%emt 0:00:00]} Nf6 {[%emt 0:00:15]} 5. Nc3 {[%emt 0:00:00]} a6 {[%emt 0:00:13]} 6. Bc4 {[%emt 0:00:27]} e6 {[%emt 0:00:31]} 7. Bb3 {[%emt 0:00:19]} Be7 {[%emt 0:01:51]} 8. g4 {[%emt 0:01:25]} h6 {[%emt 0:15:46]} 9. Be3 {[%emt 0:03:19]} Bd7 {[%emt 0:05:03]} 10. f3 {[%emt 0:01:44]} Nc6 {[%emt 0:01:32]} 11. Qd2 {[%emt 0:01:55]} b5 {[%emt 0:05:07]} 12. O-O-O {[%emt 0:17:48]} Ne5 {[%emt 0:08:43]} 13. h4 {[%emt 0:05:51]} Qc7 {[%emt 0:13:09]} 14. g5 {[%emt 0:02:01]} hxg5 {[%emt 0:05:03]} 15. hxg5 {[%emt 0:00:36]} Nh5 {[%emt 0:00:12]} 16. Kb1 {[%emt 0:27:11]} O-O-O {[%emt 0:01:11]} 17. Nf5 {[%emt 0:01:34]} Bc6 {[%emt 0:05:37]} 18. Nxe7+ {[%emt 0:05:21]} Qxe7 {[%emt 0:00:07]} 19. Bb6 {[%emt 0:01:55]} Rd7 {[%emt 0:00:25]} 20. f4 {[%emt 0:00:48]} Ng6 {[%emt 0:03:47]} 21. Rdf1 {[%emt 0:09:11]} Kb7 {[%emt 0:03:10]} 22. Qf2 {[%emt 0:05:16]} Qe8 {[%emt 0:09:07]} 23. Ba5 {[%emt 0:00:53]} Ka8 {[%emt 0:00:29]} 24. Ne2 {[%emt 0:04:49]} Bxe4 {[%emt 0:03:42]} 25. Rxh5 {[%emt 0:00:19]} Rxh5 {[%emt 0:00:17]} 26. Ng3 {[%emt 0:00:04]} Rh4 {[%emt 0:00:31]} 27. Nxe4 {[%emt 0:00:18]} Rxf4 {[%emt 0:00:23]} 28. Qg2 {[%emt 0:00:45]} Rxf1+ {[%emt 0:00:16]} 29. Qxf1 {[%emt 0:00:04]} Qc8 {[%emt 0:02:07]} 30. c4 {[%emt 0:03:45]} d5 {[%emt 0:01:02]} 31. cxd5 {[%emt 0:00:30]} exd5 {[%emt 0:00:06]} 32. Nc3 {[%emt 0:00:10]} Qc6 {[%emt 0:03:54]} 33. Qf3 {[%emt 0:01:00]} Ne7 {[%emt 0:01:42]} 34. Qxf7 {[%emt 0:03:33]} d4 {[%emt 0:00:24]} 35. Nd1 {[%emt 0:01:16]} Qg6+ {[%emt 0:01:20]} 36. Qxg6 {[%emt 0:00:14]} Nxg6 {[%emt 0:00:12]} 37. Kc1 {[%emt 0:02:57]} Kb7 {[%emt 0:01:40]} 38. Nf2 {[%emt 0:00:29]} Ne5 {[%emt 0:02:04]} 39. Bc2 {[%emt 0:01:10]} d3 {[%emt 0:01:22]} 40. Bb1 {[%emt 0:00:00]} Nc4 {[%emt 0:00:00]} 41. Bd2 {[%emt 0:01:56]} Rd5 {[%emt 0:08:20]} 42. g6 {[%emt 0:01:57]} Ne5 {[%emt 0:02:19]} 43. Bc3 {[%emt 0:03:00]} Nxg6 {[%emt 0:01:08]} 44. Bxd3 Rg5 {[%emt 0:00:50]} 45. Bxg7 {[%emt 0:01:38]} Rg1+ {[%emt 0:00:51]} 46. Kc2 {[%emt 0:00:53]} Ne7 {[%emt 0:01:28]} 47. Bd4 {[%emt 0:00:33]} Rg8 {[%emt 0:00:43]} 48. Ne4 {[%emt 0:01:08]} Nc6 {[%emt 0:03:10]} 49. Bc5 {[%emt 0:00:56]} Rg2+ {[%emt 0:00:54]} 50. Kc3 {[%emt 0:02:39]} b4+ {[%emt 0:02:12]} 51. Kb3 {[%emt 0:04:59]} a5 {[%emt 0:00:08]} 52. Nd6+ {[%emt 0:01:18]} Kc7 {[%emt 0:00:52]} 53. Nc4 {[%emt 0:01:21]} Rg5 {[%emt 0:01:58]} 54. Bb6+ {[%emt 0:00:57]} Kb7 {[%emt 0:00:39]} 55. Ka4 {[%emt 0:01:04]} Rg4 {[%emt 0:00:56]} 56. Bxa5 {[%emt 0:03:00]} Rd4 {[%emt 0:00:11]} 57. Be2 {[%emt 0:00:19]} 1-0

[Event "EYCC Open-U14 2019"]
[Site "Bratislava"]
[Date "2019.08.07"]
[Round "6.42"]
[White "Lopez Varela, Pablo"]
[Black "Soucek, Petr"]
[Result "1-0"]
[WhiteElo "2131"]
[BlackElo "1725"]
[Annotator "NA"]
[PlyCount "83"]
[EventDate "2019.08.02"]
[EventType "swiss"]
[EventCountry "SVK"]
[SourceTitle "playchess.com"]
[Source "ChessBase"]
[SourceQuality "1"]
[TimeControl "40/5400+30:1800+30"]

1. e4 {[%emt 0:00:00]} e5 {[%emt 0:00:00]} 2. Nf3 {[%emt 0:00:00]} Nc6 {[%emt 0:00:04]} 3. Bc4 {[%emt 0:00:00]} Nf6 {[%emt 0:00:07]} 4. d3 {[%emt 0:00:00]} Be7 {[%emt 0:00:19]} 5. O-O {[%emt 0:00:00]} O-O {[%emt 0:00:22]} 6. Re1 {[%emt 0:00:05]} d6 {[%emt 0:00:09]} 7. a4 {[%emt 0:00:10]} Na5 {[%emt 0:00:29]} 8. Ba2 {[%emt 0:00:05]} c5 {[%emt 0:00:28]} 9. Nc3 {[%emt 0:01:57]} a6 {[%emt 0:00:45]} 10. Bg5 {[%emt 0:03:44]} Rb8 {[%emt 0:02:18]} 11. Bxf6 {[%emt 0:05:54]} Bxf6 {[%emt 0:01:16]} 12. Nd5 {[%emt 0:00:15]} Nc6 {[%emt 0:01:40]} 13. c3 {[%emt 0:12:03]} b5 {[%emt 0:07:35]} 14. axb5 {[%emt 0:00:34]} axb5 {[%emt 0:02:27]} 15. b4 {[%emt 0:07:18]} Ne7 16. bxc5 {[%emt 0:05:33]} dxc5 {[%emt 0:14:39]} 17. Nxf6+ {[%emt 0:08:51]} gxf6 {[%emt 0:00:26]} 18. d4 {[%emt 0:00:00]} Ng6 {[%emt 0:05:51]} 19. dxc5 {[%emt 0:10:25]} Qc7 {[%emt 0:00:32]} 20. Qd6 {[%emt 0:04:11]} Qxd6 {[%emt 0:00:11]} 21. cxd6 {[%emt 0:00:02]} Rd8 {[%emt 0:00:11]} 22. Red1 {[%emt 0:00:19]} Rb6 {[%emt 0:00:25]} 23. c4 {[%emt 0:00:33]} bxc4 {[%emt 0:02:26]} 24. Bxc4 {[%emt 0:01:20]} Rbxd6 {[%emt 0:01:46]} 25. Rxd6 {[%emt 0:03:00]} Rxd6 {[%emt 0:00:05]} 26. Ra8 {[%emt 0:01:03]} Rc6 {[%emt 0:02:02]} 27. Nd2 {[%emt 0:00:22]} Kg7 {[%emt 0:05:01]} 28. Ra7 {[%emt 0:00:51]} Be6 {[%emt 0:02:13]} 29. Bxe6 {[%emt 0:00:15]} Rxe6 {[%emt 0:00:06]} 30. Nf1 {[%emt 0:00:25]} Nf4 {[%emt 0:04:18]} 31. g3 {[%emt 0:00:55]} Nh3+ {[%emt 0:00:25]} 32. Kg2 {[%emt 0:00:03]} Ng5 {[%emt 0:00:11]} 33. Ra4 {[%emt 0:00:05]} Rc6 {[%emt 0:01:46]} 34. Ne3 {[%emt 0:00:08]} Rc1 {[%emt 0:01:33]} 35. Nf5+ {[%emt 0:00:32]} Kg6 {[%emt 0:00:39]} 36. h4 {[%emt 0:00:39]} Ne6 {[%emt 0:01:58]} 37. Ra8 {[%emt 0:01:55]} Kh5 {[%emt 0:07:37]} 38. Rg8 {[%emt 0:02:06]} Nf4+ {[%emt 0:03:37]} 39. gxf4 {[%emt 0:00:16]} exf4 {[%emt 0:00:15]} 40. Kf3 {[%emt 0:00:00]} Rc3+ {[%emt 0:00:00]} 41. Kxf4 {[%emt 0:01:32]} h6 {[%emt 0:01:03]} 42. Rh8 {[%emt 0:00:12]} 1-0